| 000 | 00395 a2200109 4500 | ||
|---|---|---|---|
| 001 | ART_58119 | ||
| 005 | 20260410162010.0 | ||
| 008 | 260409a | ||
| 245 | 1 | 0 | _aJudicialización en materia de salud como fenómeno hipercomplejo en casos de medicamentos de alto costo/precio |
| 100 | 1 | _aDíaz, Ana I. | |
| 773 | 0 |
_tTemas de derecho civil _g- Año 9, N° 3 (mar. 2023) _wREV34778 |
|
| 999 |
_c32070 _d32070 |
||